<?xml version="1.0" encoding="UTF-8"?>
<record
    xmlns:xsi="http://www.w3.org/2001/XMLSchema-instance"
    xsi:schemaLocation="http://www.loc.gov/MARC21/slim http://www.loc.gov/standards/marcxml/schema/MARC21slim.xsd"
    xmlns="http://www.loc.gov/MARC21/slim">

  <leader>00301nam a22001217a 4500</leader>
  <datafield tag="040" ind1=" " ind2=" ">
    <subfield code="c">HS</subfield>
  </datafield>
  <datafield tag="082" ind1=" " ind2=" ">
    <subfield code="a">301</subfield>
  </datafield>
  <datafield tag="100" ind1=" " ind2=" ">
    <subfield code="a">&#x1793;&#x17BB;&#x178F; &#x179F;&#x17B6;&#x17A1;&#x1793;</subfield>
  </datafield>
  <datafield tag="245" ind1=" " ind2=" ">
    <subfield code="a">&#x179C;&#x17B7;&#x1792;&#x17B8;&#x179F;&#x17B6;&#x179F;&#x17D2;&#x178F;&#x17D2;&#x179A;&#x179F;&#x17D2;&#x179A;&#x17B6;&#x179C;&#x1787;&#x17B6;&#x17D2;&#x179A;&#x179C;</subfield>
  </datafield>
  <datafield tag="260" ind1=" " ind2=" ">
    <subfield code="a">RUA</subfield>
    <subfield code="b">&#x1793;&#x17BB;&#x178F; &#x179F;&#x17B6;&#x17A1;&#x1793;</subfield>
    <subfield code="c">2011</subfield>
  </datafield>
  <datafield tag="300" ind1=" " ind2=" ">
    <subfield code="a">47p;</subfield>
  </datafield>
  <datafield tag="942" ind1=" " ind2=" ">
    <subfield code="c">KB</subfield>
  </datafield>
  <datafield tag="999" ind1=" " ind2=" ">
    <subfield code="c">9750</subfield>
    <subfield code="d">9750</subfield>
  </datafield>
  <datafield tag="952" ind1=" " ind2=" ">
    <subfield code="0">0</subfield>
    <subfield code="1">0</subfield>
    <subfield code="4">0</subfield>
    <subfield code="6">301_000000000000000_&#x1793;&#x17BB;&#x178F;_2011_C234</subfield>
    <subfield code="7">0</subfield>
    <subfield code="9">51906</subfield>
    <subfield code="a">LBC</subfield>
    <subfield code="b">LBC</subfield>
    <subfield code="c">C234</subfield>
    <subfield code="d">2016-09-08</subfield>
    <subfield code="l">3</subfield>
    <subfield code="o">301 &#x1793;&#x17BB;&#x178F;&#x200B; 2011 C234</subfield>
    <subfield code="p">RUA40986</subfield>
    <subfield code="r">2022-03-30</subfield>
    <subfield code="s">2022-03-16</subfield>
    <subfield code="y">KB</subfield>
  </datafield>
  <datafield tag="952" ind1=" " ind2=" ">
    <subfield code="0">0</subfield>
    <subfield code="1">0</subfield>
    <subfield code="4">0</subfield>
    <subfield code="6">301_000000000000000_&#x1793;&#x17BB;&#x178F;_2011_C234</subfield>
    <subfield code="7">0</subfield>
    <subfield code="9">51907</subfield>
    <subfield code="a">LBC</subfield>
    <subfield code="b">LBC</subfield>
    <subfield code="c">C234</subfield>
    <subfield code="d">2016-09-08</subfield>
    <subfield code="o">301 &#x1793;&#x17BB;&#x178F;&#x200B; 2011 C234</subfield>
    <subfield code="p">RUA43934</subfield>
    <subfield code="r">2016-09-08</subfield>
    <subfield code="y">KB</subfield>
  </datafield>
</record>
